00758 a2200193 4500003000500000005001700005010001600022020002400038040000900062082001800071100002500089245004800114250001200162260004500174300002900219505028100248650002300529650001200552Nust20230515111930.0 a 82061969 a0672220423 (pbk.) : cNust00a001.64404,KNI1 aKnight, Timothy Orr.14aThe world connection /cTimothy Orr Knight. a1st ed. aIndianapolis, Ind. :bH.W. Sams,cc1983. a142 p. :bill. ;c22 cm. aComputer Communications (Page-11), The World Connection Exposed (Page-19), The Big Guys (Page-33), The Little Guys (Page-56), Naughty, Naughty An Expose (Page-65), A Multitude of Modems (Page-75), Be a SYSOP (Page-98), The Soft Side (Page-108), The World Connected (Page-117). 0aComputer networks. 0aModems.